00401nam a2200169Ia 4500003000400000005001700004008004100021040000700062041000800069082002200077100002100099245002400120260004100144300001300185650001900198650001400217OSt20230531103940.0210423s1995 xx 000 0 und d cAL aeng a305.56 223bYESD aBORGIA (Francis) aDalit land struggle aNew DelhibPointer Publishersc1995 av,26bPB aSocial Classes aSociology